000 00943nam a2200253 i 4500
003 IT-RoINE
005 20200520071531.0
008 001122m19551956sp r 001 spa d
040 _aUSA.GHIS
_cIT-RoINE
_dIT-RoINE
100 1 _aSandoval, Prudencio de,
_99682
_d1551?-1620
245 1 0 _aHistoria de la vida y hechos del Emperador Carlos V... /
_cFray Prudencio de Sandoval ; edición y estudio preliminar de Carlos Seco Serrano.
260 _aMadrid :
_bAtlas,
_c1955-1956.
300 _a3 v. ;
_c26 cm.
336 _2rdacontent
_atext
337 _2rdamedia
_aunmediated
338 _2rdacarrier
_avolume
490 1 _aBiblioteca de autores españoles ;
_v80-81-82
500 _aIncluye índice.
651 4 _a España
_xHistoria
_y1516-1556 (Carlos I)
_97104
600 0 4 _97103
_aCarlos
_bI,
_cRey de España,
_d1500-1558
700 1 _aSeco Serrano, Carlos,
_97279
_d1923-
830 0 _912318
_aBiblioteca de autores españoles
942 _cMTS
999 _c6921
_d6921